| 000 | 00869nam a22003010a 4500 | ||
|---|---|---|---|
| 001 | PT324 | ||
| 003 | AR-LpoUNG | ||
| 005 | 20210131231958.0 | ||
| 008 | 191001s1983||||ag |||||||||||||||||spa d | ||
| 040 |
_aAR-LpoUNG _bspa _cAR-LpoUNG _eaacr |
||
| 041 | _aspa | ||
| 044 | _aag | ||
| 082 | 0 | _a982 643 | |
| 100 | 1 | _aGonzález, Ricardo | |
| 245 | 1 | 0 | _aCaridad y filantropía en la ciudad de Buenos Aires en la segunda mitad del siglo XIX |
| 260 |
_aBuenos Aires : _bCentro de Investigaciones Sociales sobre el Estado y la Administración, _c1983. |
||
| 300 |
_a13 p. : _bil. |
||
| 505 | 0 | _aDonación | |
| 650 | 4 | _aCLASE OBRERA | |
| 650 | 4 | _aHISTORIA NACIONAL | |
| 650 | 4 | _aINVESTIGACION HISTORICA | |
| 650 | 4 | _aPOLITICA DE SALUD | |
| 650 | 4 | _aPOLITICA GUBERNAMENTAL | |
| 650 | 4 | _aPOLITICA SOCIAL | |
| 651 | 4 | _aArgentina | |
| 905 | _a324 | ||
| 942 | _cLIB | ||
| 999 |
_c12982 _d12982 |
||